[Event "Rio Negrinho Froebel op"]
[Site "Rio Negrinho"]
[Date "2021.07.11"]
[Round "6"]
[White "Doge, Gustavo Postein"]
[Black "Silva, Guilherme Henrique"]
[Result "0-1"]
[WhiteElo "1760"]
[BlackElo "1769"]
[PlyCount "76"]
[EventDate "2021.07.09"]
[EventType "swiss"]
[EventRounds "6"]
[EventCountry "BRA"]
[SourceTitle "EXT 2022"]
[Source "ChessBase"]
[SourceDate "2021.10.06"]
[SourceVersion "1"]
[SourceVersionDate "2021.10.06"]
[SourceQuality "1"]

1. Nf3 Nf6 2. b3 e6 3. Bb2 d5 4. e3 Bd6 5. Be2 0-0 6. 0-0 Nbd7 7. d4 b6 8. Nbd2 Bb7 9. Ne5 c5 10. c4 Qe7 11. Rc1 Rac8 12. Bd3 Rfd8 13. Qe2 Nf8 14. Bb1 Ne4 15. cxd5 Nxd2 16. Qxd2 Bxd5 17. Qe2 cxd4 18. exd4 Rxc1 19. Rxc1 Qg5 20. g3 Ng6 21. Nxg6 hxg6 22. Be4 Bxe4 23. Qxe4 Qd2 24. Rc2 Qd1+ 25. Kg2 Qb1 26. a3 Be7 27. Qe2 Bf6 28. Rd2 Qf5 29. f3 Qd5 30. b4 e5 31. Qa6 exd4 32. Qxa7 g5 33. g4 Qc6 34. Qa6 d3 35. Bxf6 gxf6 36. Kf2 Qc3 37. Ke1 Re8+ 38. Kd1 Qa1# 0-1

[Event "Rio Negrinho Froebel op"]
[Site "Rio Negrinho"]
[Date "2021.07.10"]
[Round "4"]
[White "Doge, Gustavo Postein"]
[Black "Da Cunha, Matheus Mengarda"]
[Result "1-0"]
[WhiteElo "1760"]
[BlackElo "1292"]
[PlyCount "41"]
[EventDate "2021.07.09"]
[EventType "swiss"]
[EventRounds "6"]
[EventCountry "BRA"]
[SourceTitle "EXT 2022"]
[Source "ChessBase"]
[SourceDate "2021.10.06"]
[SourceVersion "1"]
[SourceVersionDate "2021.10.06"]
[SourceQuality "1"]

1. Nf3 d5 2. b3 c5 3. e3 Bg4 4. Bb2 Nc6 5. Bb5 e6 6. Bxc6+ bxc6 7. d3 Nf6 8. Nbd2 Be7 9. h3 Bf5 10. Ne5 Qd6 11. f4 h6 12. Ndf3 0-0 13. g4 Bh7 14. h4 Nd7 15. g5 h5 16. Nxd7 Qxd7 17. Ne5 Qc7 18. Qxh5 g6 19. Qf3 f6 20. Ng4 f5 21. Nh6# 1-0

[Event "Rio Negrinho Froebel op"]
[Site "Rio Negrinho"]
[Date "2021.07.09"]
[Round "2"]
[White "Doge, Gustavo Postein"]
[Black "Volkmann, Andre Jordi"]
[Result "0-1"]
[WhiteElo "1760"]
[BlackElo "2091"]
[PlyCount "26"]
[EventDate "2021.07.09"]
[EventType "swiss"]
[EventRounds "6"]
[EventCountry "BRA"]
[SourceTitle "EXT 2022"]
[Source "ChessBase"]
[SourceDate "2021.10.06"]
[SourceVersion "1"]
[SourceVersionDate "2021.10.06"]
[SourceQuality "1"]

1. Nf3 Nf6 2. b3 d5 3. Bb2 Bg4 4. e3 e6 5. Be2 Nbd7 6. 0-0 a5 7. d4 c6 8. Nbd2 a4 9. c4 Qa5 10. Qc1 Bb4 11. Bd3 a3 12. e4 axb2 13. Qxb2 Bc3 0-1

[Event "Santa Catarina State-ch 63rd"]
[Site "Timbo"]
[Date "2019.06.09"]
[Round "6"]
[White "Mariani, Daniel Brandao"]
[Black "Doge, Gustavo Postein"]
[Result "1-0"]
[WhiteElo "2037"]
[BlackElo "1762"]
[PlyCount "51"]
[EventDate "2019.06.07"]
[EventType "swiss"]
[EventRounds "6"]
[EventCountry "BRA"]
[SourceTitle "EXT 2020"]
[Source "ChessBase"]
[SourceDate "2019.10.17"]
[SourceVersion "1"]
[SourceVersionDate "2019.10.17"]
[SourceQuality "1"]

1. c4 e5 2. g3 g6 3. Bg2 Bg7 4. Nc3 Ne7 5. d3 c6 6. Nf3 0-0 7. h4 d5 8. cxd5 cxd5 9. h5 Bf5 10. hxg6 fxg6 11. Bg5 Nbc6 12. Qa4 e4 13. Nd2 Bxc3 14. bxc3 exd3 15. e4 dxe4 16. Nxe4 Bxe4 17. Qxe4 d2+ 18. Bxd2 Nf5 19. Qe6+ Kg7 20. 0-0-0 Qa5 21. Bxc6 Qa3+ 22. Kc2 bxc6 23. Bf4 Qa4+ 24. Kb1 Qb5+ 25. Ka1 Rae8 26. Rd7+ 1-0

[Event "Santa Catarina State-ch 63rd"]
[Site "Timbo"]
[Date "2019.06.08"]
[Round "3"]
[White "Stroher, Victor Augusto"]
[Black "Doge, Gustavo Postein"]
[Result "1/2-1/2"]
[WhiteElo "1491"]
[BlackElo "1762"]
[PlyCount "86"]
[EventDate "2019.06.07"]
[EventType "swiss"]
[EventRounds "6"]
[EventCountry "BRA"]
[SourceTitle "EXT 2020"]
[Source "ChessBase"]
[SourceDate "2019.10.17"]
[SourceVersion "1"]
[SourceVersionDate "2019.10.17"]
[SourceQuality "1"]

1. e4 c5 2. Nf3 e6 3. d4 cxd4 4. Nxd4 a6 5. Nc3 Qc7 6. Be3 Bb4 7. Qd2 Nf6 8. Bd3 d5 9. exd5 Nxd5 10. Nde2 Nd7 11. 0-0 Nxe3 12. Qxe3 0-0 13. Qe4 Nf6 14. Qxb4 b6 15. Rad1 Bb7 16. Qc4 Qe7 17. Rfe1 g5 18. Ne4 Nd5 19. N4c3 Nf6 20. Be4 Nxe4 21. Nxe4 Rac8 22. Qd4 Bxe4 23. Qxe4 f5 24. Qe5 Rc5 25. Qd6 Qxd6 26. Rxd6 Rxc2 27. Rxb6 Rd8 28. Kf1 Kf7 29. Rxe6 Rxb2 30. Ng3 f4 31. Re7+ Kf8 32. Nf5 Rdd2 33. R7e2 Rxa2 34. Rxd2 Rxd2 35. Re6 a5 36. Ra6 Ra2 37. Nd6 g4 38. Nc4 Ra1+ 39. Ke2 Ra2+ 40. Nd2 Kg7 41. Kd3 h5 42. g3 Ra3+ 43. Ke4 Ra2 1/2-1/2

[Event "Santa Catarina State-ch 63rd"]
[Site "Timbo"]
[Date "2019.06.07"]
[Round "2"]
[White "Doge, Gustavo Postein"]
[Black "Do Valle Cardoso, Lucas"]
[Result "0-1"]
[WhiteElo "1762"]
[BlackElo "2198"]
[PlyCount "85"]
[EventDate "2019.06.07"]
[EventType "swiss"]
[EventRounds "6"]
[EventCountry "BRA"]
[SourceTitle "EXT 2020"]
[Source "ChessBase"]
[SourceDate "2019.10.17"]
[SourceVersion "1"]
[SourceVersionDate "2019.10.17"]
[SourceQuality "1"]

1. Nf3 Nf6 2. b3 g6 3. Bb2 Bg7 4. g3 0-0 5. Bg2 c5 6. 0-0 Nc6 7. d3 d5 8. Nbd2 Bd7 9. h3 Qc8 10. Kh2 Ng4+ 11. hxg4 Bxb2 12. Rb1 Bg7 13. g5 Nb4 14. a3 Na2 15. Ra1 Nc3 16. Qe1 f5 17. gxf6 exf6 18. Nb1 Nxb1 19. Rxb1 f5 20. Qd2 Qe8 21. Kg1 Qe7 22. d4 cxd4 23. Nxd4 Qxa3 24. Bxd5+ Kh8 25. Bxb7 Rad8 26. Bg2 g5 27. Nf3 h6 28. Qc1 Qe7 29. e3 Bc6 30. Nd2 Bxg2 31. Kxg2 f4 32. exf4 gxf4 33. f3 Rd4 34. Re1 Qg5 35. Nf1 Qg6 36. Ra1 fxg3 37. Re3 Rdf4 38. Ra2 Bd4 39. Rd3 Rxf3 40. Rxd4 Rf2+ 41. Kg1 Rxf1+ 42. Qxf1 Rxf1+ 43. Kxf1 0-1

[Event "Sao Bento do Sul op 05"]
[Site "Sao Bento do Sul"]
[Date "2019.05.18"]
[Round "3"]
[White "Mariani, Daniel Brandao"]
[Black "Doge, Gustavo Postein"]
[Result "1-0"]
[WhiteElo "2024"]
[BlackElo "1717"]
[PlyCount "85"]
[EventDate "2019.05.17"]
[EventType "swiss"]
[EventRounds "7"]
[EventCountry "BRA"]
[SourceTitle "CBM 195 Extra"]
[Source "ChessBase"]
[SourceDate "2020.05.31"]
[SourceVersion "1"]
[SourceVersionDate "2020.05.31"]
[SourceQuality "1"]

1. d4 Nf6 2. c4 c5 3. d5 b5 4. cxb5 a6 5. b6 Qxb6 6. Nc3 d6 7. Nf3 g6 8. Nd2 Bg7 9. e4 0-0 10. a4 Ng4 11. Nc4 Qa7 12. Be2 Ne5 13. 0-0 f5 14. exf5 Bxf5 15. Ne3 Bc8 16. f4 Nf7 17. Bg4 Bxg4 18. Qxg4 Qd7 19. Qe2 Nh6 20. Ne4 Nf5 21. Nxf5 Qxf5 22. Ng5 Bd4+ 23. Kh1 Ra7 24. Ne6 Rc8 25. Qc4 Bf6 26. Bd2 Nd7 27. a5 Bxb2 28. Rab1 Rb8 29. h3 h5 30. Rg1 Rab7 31. Rbd1 Rb3 32. Kh2 Nf6 33. Bc1 Bxc1 34. Qxc1 Nxd5 35. Rge1 R8b4 36. Qa1 Rb2 37. Rd2 Nxf4 38. Rxb2 Nxe6 39. Rbe2 Nf4 40. Rxe7 Rd4 41. Qb2 Ne6 42. R7xe6 Qf4+ 43. Kh1 1-0

[Event "Sao Bento do Sul op 05"]
[Site "Sao Bento do Sul"]
[Date "2019.05.17"]
[Round "1"]
[White "Belarmino, Augusto Mengarda"]
[Black "Doge, Gustavo Postein"]
[Result "0-1"]
[WhiteElo "1140"]
[BlackElo "1717"]
[PlyCount "46"]
[EventDate "2019.05.17"]
[EventType "swiss"]
[EventRounds "7"]
[EventCountry "BRA"]
[SourceTitle "CBM 195 Extra"]
[Source "ChessBase"]
[SourceDate "2020.05.31"]
[SourceVersion "1"]
[SourceVersionDate "2020.05.31"]
[SourceQuality "1"]

1. e4 d5 2. e5 c5 3. f4 Nh6 4. Nf3 Bg4 5. Bb5+ Nc6 6. d4 Nf5 7. c3 cxd4 8. cxd4 Qa5+ 9. Nc3 Nh4 10. Rg1 e6 11. a3 a6 12. Bxc6+ bxc6 13. h3 Nxf3+ 14. gxf3 Bxh3 15. Bd2 Qb6 16. Na4 Qxd4 17. Rg3 Bf5 18. Qc1 Qxa4 19. b3 Qb5 20. a4 Qb7 21. Ba5 Bb4+ 22. Bxb4 Qxb4+ 23. Kf1 0-0 0-1

[Event "Santa Catarina-chT"]
[Site "Piratuba"]
[Date "2018.04.13"]
[Round "1.3"]
[White "Doge, Gustavo Postein"]
[Black "Lopes, Leonardo Borges"]
[Result "1-0"]
[WhiteElo "1760"]
[BlackElo "1302"]
[PlyCount "49"]
[EventDate "2018.04.13"]
[EventType "team-swiss"]
[EventRounds "5"]
[EventCountry "BRA"]
[SourceTitle "CBM 184 Extra"]
[Source "ChessBase"]
[SourceDate "2018.06.28"]
[SourceVersion "1"]
[SourceVersionDate "2018.06.28"]
[SourceQuality "1"]
[WhiteTeam "Jaragua do Sul"]
[BlackTeam "Lebon Regis"]
[WhiteTeamCountry "BRA"]
[BlackTeamCountry "BRA"]

1. e4 c5 2. Nf3 d6 3. d4 cxd4 4. Nxd4 Nf6 5. Nc3 a6 6. Be2 e6 7. Be3 Nbd7 8. f4 Qc7 9. 0-0 b5 10. Bf3 b4 11. e5 d5 12. Nce2 Ne4 13. Bxe4 dxe4 14. c3 Nb6 15. cxb4 Nd5 16. Bd2 Bxb4 17. Bxb4 Nxb4 18. Qa4+ Nc6 19. Qxc6+ Qxc6 20. Nxc6 Bd7 21. Rac1 Bxc6 22. Rxc6 Kd7 23. Rfc1 Ra7 24. Nd4 Rb8 25. Rd6+ 1-0

[Event "BRA-ch U16"]
[Site "Sao Paulo"]
[Date "2018.04.01"]
[Round "6"]
[White "De Lima, Enzo Magalhaes"]
[Black "Doge, Gustavo Postein"]
[Result "1-0"]
[WhiteElo "1475"]
[BlackElo "1760"]
[PlyCount "49"]
[EventDate "2018.03.29"]
[EventType "swiss"]
[EventRounds "6"]
[EventCountry "BRA"]
[SourceTitle "EXT 2019"]
[Source "ChessBase"]
[SourceDate "2018.10.10"]
[SourceVersion "1"]
[SourceVersionDate "2018.10.10"]
[SourceQuality "1"]

1. d4 Nf6 2. c4 e6 3. Nc3 d5 4. cxd5 Nxd5 5. e4 Nxc3 6. bxc3 c5 7. Nf3 Be7 8. Bd3 Nc6 9. 0-0 0-0 10. Bb2 b6 11. Rc1 Bb7 12. Bb1 cxd4 13. cxd4 Rc8 14. d5 exd5 15. exd5 Na5 16. Qd3 f5 17. Rxc8 Qxc8 18. Ne5 Ba6 19. Qg3 Bxf1 20. Nd7 Rf7 21. Bxf5 Kh8 22. Be6 Nc4 23. Ne5 Nxe5 24. Bxc8 Nd3 25. Be6 1-0

[Event "BRA-ch U16"]
[Site "Sao Paulo"]
[Date "2018.03.30"]
[Round "2"]
[White "Woichinevski, Joao Vinicius Peruc"]
[Black "Doge, Gustavo Postein"]
[Result "0-1"]
[WhiteElo "1566"]
[BlackElo "1760"]
[PlyCount "88"]
[EventDate "2018.03.29"]
[EventType "swiss"]
[EventRounds "6"]
[EventCountry "BRA"]
[SourceTitle "EXT 2019"]
[Source "ChessBase"]
[SourceDate "2018.10.10"]
[SourceVersion "1"]
[SourceVersionDate "2018.10.10"]
[SourceQuality "1"]

1. Nf3 Nf6 2. g3 e6 3. c4 c5 4. Nc3 Nc6 5. d4 cxd4 6. Nxd4 Bb4 7. Nxc6 Bxc3+ 8. bxc3 bxc6 9. Ba3 Ba6 10. Qa4 Qb6 11. Bg2 d5 12. cxd5 exd5 13. Bf3 Bc4 14. e4 0-0-0 15. e5 Rhe8 16. 0-0-0 Rxe5 17. Rd2 Rde8 18. Rb2 Re1+ 19. Rxe1 Rxe1+ 20. Bd1 Qc7 21. Bc5 Ne4 22. Bd4 f5 23. Qc2 f4 24. f3 Be2 25. Qxe2 Rxe2 26. Bxe2 Ng5 27. g4 c5 28. Bf2 Qa5 29. Kc2 Ne6 30. Bd3 g6 31. Bb5 d4 32. cxd4 cxd4 33. a4 Qc3+ 34. Kb1 Qxf3 35. Be2 Qe4+ 36. Kc1 d3 37. Bf1 Qc4+ 38. Kd2 Qxa4 39. Bxd3 Ng5 40. Rc2+ Kd7 41. Rc5 Nf3+ 42. Ke2 Nd4+ 43. Bxd4 Qxd4 44. Rc4 Qe3+ 0-1

[Event "Florianopolis Winter Amateur op"]
[Site "Florianopolis"]
[Date "2017.08.12"]
[Round "3"]
[White "Doge, Gustavo Postein"]
[Black "De Haro, Martim Alfonso"]
[Result "1-0"]
[WhiteElo "1675"]
[BlackElo "1882"]
[PlyCount "57"]
[EventDate "2017.08.11"]
[EventType "swiss"]
[EventRounds "7"]
[EventCountry "BRA"]
[SourceTitle "CBM 180 Extra"]
[Source "ChessBase"]
[SourceDate "2017.10.06"]
[SourceVersion "1"]
[SourceVersionDate "2017.10.06"]
[SourceQuality "1"]

1. e4 c5 2. Nf3 g6 3. d4 cxd4 4. Nxd4 Nf6 5. Nc3 Nc6 6. Be3 Bg7 7. f3 0-0 8. Nb3 d6 9. Qd2 Be6 10. Be2 Ne5 11. g4 Nc4 12. Bxc4 Bxc4 13. 0-0-0 a5 14. Bh6 a4 15. Nd4 a3 16. b3 Be6 17. h4 Qc8 18. Bxg7 Kxg7 19. h5 gxh5 20. g5 Nd7 21. Rxh5 Rh8 22. Rdh1 Nf8 23. f4 Bg4 24. Rh6 Bd7 25. f5 Kg8 26. Nd5 Qd8 27. Rg1 Bc6 28. g6 Bxd5 29. gxh7# 1-0

[Event "Florianopolis Winter Amateur op"]
[Site "Florianopolis"]
[Date "2017.08.11"]
[Round "1"]
[White "Doge, Gustavo Postein"]
[Black "Almeida Junior, Alvaro Alves de"]
[Result "0-1"]
[WhiteElo "1675"]
[BlackElo "2083"]
[PlyCount "66"]
[EventDate "2017.08.11"]
[EventType "swiss"]
[EventRounds "7"]
[EventCountry "BRA"]
[SourceTitle "CBM 180 Extra"]
[Source "ChessBase"]
[SourceDate "2017.10.06"]
[SourceVersion "1"]
[SourceVersionDate "2017.10.06"]
[SourceQuality "1"]

1. e4 c5 2. Nf3 d6 3. d4 cxd4 4. Nxd4 Nf6 5. Nc3 a6 6. Be3 e5 7. Nb3 Be6 8. f3 h5 9. Be2 Nbd7 10. Qd2 Qc7 11. Rc1 Be7 12. h4 Nb6 13. a4 Nc4 14. Bxc4 Bxc4 15. Nd5 Bxd5 16. exd5 Qc4 17. Qa5 Nxd5 18. Nd2 Bxh4+ 19. Rxh4 Qxh4+ 20. Bf2 Qh1+ 21. Nf1 Nf4 22. g3 Nh3 23. Qd5 0-0 24. Qxb7 Rab8 25. Qd5 Rxb2 26. Ba7 Ng5 27. Kf2 Rc8 28. Qd3 e4 29. fxe4 Rc3 30. Qe2 Nf3 31. Qxa6 Qg1+ 32. Ke2 Qg2+ 33. Kd1 Rcxc2 0-1

[Event "Catarinense-ch"]
[Site "Blumenau"]
[Date "2017.05.21"]
[Round "6"]
[White "Doge, Gustavo Postein"]
[Black "Da Silva, Tiago Martins"]
[Result "0-1"]
[WhiteElo "1643"]
[BlackElo "1745"]
[PlyCount "84"]
[EventDate "2017.05.19"]
[EventType "swiss"]
[EventRounds "6"]
[EventCountry "BRA"]
[SourceTitle "CBM 178 Extra"]
[Source "ChessBase"]
[SourceDate "2017.06.22"]
[SourceVersion "1"]
[SourceVersionDate "2017.06.22"]
[SourceQuality "1"]

1. e4 d5 2. e5 c5 3. d4 Bf5 4. Bd3 Bxd3 5. Qxd3 e6 6. Nf3 Nc6 7. c3 Qb6 8. 0-0 Rc8 9. Nbd2 cxd4 10. cxd4 Nge7 11. a3 Nf5 12. Nb3 a5 13. a4 Bb4 14. Be3 0-0 15. Rac1 Rc7 16. Qb5 Qa7 17. Rc2 Rfc8 18. Rfc1 Nxe3 19. fxe3 h6 20. h3 f6 21. Kh2 Qb8 22. g3 fxe5 23. dxe5 Nxe5 24. Nfd4 Rxc2+ 25. Rxc2 Rxc2+ 26. Nxc2 Qf8 27. Qe2 Qf3 28. Qxf3 Nxf3+ 29. Kg2 Nd2 30. Nxd2 Bxd2 31. Kf3 e5 32. Ke2 Bb4 33. Nxb4 axb4 34. Kd3 Kf7 35. Kc2 Ke6 36. g4 Kd6 37. Kd3 Kc5 38. b3 e4+ 39. Kd2 d4 40. h4 h5 41. g5 Kd5 42. Ke2 d3+ 0-1

[Event "Catarinense-ch"]
[Site "Blumenau"]
[Date "2017.05.20"]
[Round "3"]
[White "Ikeda, Sebastiao Sunao"]
[Black "Doge, Gustavo Postein"]
[Result "0-1"]
[WhiteElo "1505"]
[BlackElo "1643"]
[PlyCount "75"]
[EventDate "2017.05.19"]
[EventType "swiss"]
[EventRounds "6"]
[EventCountry "BRA"]
[SourceTitle "CBM 178 Extra"]
[Source "ChessBase"]
[SourceDate "2017.06.22"]
[SourceVersion "1"]
[SourceVersionDate "2017.06.22"]
[SourceQuality "1"]

1. d4 Nf6 2. c4 e6 3. Nf3 Be7 4. Bf4 d5 5. e3 b6 6. Nc3 Bb7 7. cxd5 Nxd5 8. Nxd5 Bxd5 9. a3 0-0 10. Rc1 Bd6 11. Bg3 Nd7 12. Bd3 Nf6 13. 0-0 Bb7 14. Ne5 Nd5 15. e4 Ne7 16. f4 Bxe5 17. dxe5 c5 18. Qe2 Nc6 19. Bb1 Nd4 20. Qg4 Ba6 21. Rfe1 h6 22. Kh1 Qe7 23. Rcd1 Rac8 24. Bf2 Nc6 25. Rd6 Nd4 26. Bxd4 cxd4 27. Rxd4 Qc5 28. Qd1 Bb5 29. h3 Qe7 30. a4 Bc6 31. f5 Rfe8 32. Rd6 exf5 33. exf5 Qg5 34. Qg4 Qxg4 35. hxg4 Bxa4 36. e6 Kf8 37. Ba2 fxe6 38. fxe6 0-1

[Event "Catarinense-ch"]
[Site "Blumenau"]
[Date "2017.05.19"]
[Round "1"]
[White "Gauche, Charles"]
[Black "Doge, Gustavo Postein"]
[Result "1-0"]
[WhiteElo "2197"]
[BlackElo "1643"]
[PlyCount "35"]
[EventDate "2017.05.19"]
[EventType "swiss"]
[EventRounds "6"]
[EventCountry "BRA"]
[SourceTitle "CBM 178 Extra"]
[Source "ChessBase"]
[SourceDate "2017.06.22"]
[SourceVersion "1"]
[SourceVersionDate "2017.06.22"]
[SourceQuality "1"]

1. d4 Nf6 2. c4 e6 3. Nf3 d5 4. Nc3 Be7 5. Bg5 c5 6. cxd5 Nxd5 7. Bxe7 Kxe7 8. Qd2 cxd4 9. Qxd4 f6 10. e4 Nxc3 11. Qxc3 Qb6 12. e5 Bd7 13. exf6+ gxf6 14. Bc4 Rc8 15. 0-0 Nc6 16. Rad1 Rg8 17. Qd3 Rad8 18. Qxh7+ 1-0

[Event "Florianopolis op 3rd"]
[Site "Florianopolis"]
[Date "2017.01.26"]
[Round "10"]
[White "Doge, Gustavo Postein"]
[Black "Menezes, Jose Eduardo C"]
[Result "0-1"]
[WhiteElo "1544"]
[BlackElo "1886"]
[PlyCount "38"]
[EventDate "2017.01.20"]
[EventType "swiss"]
[EventRounds "10"]
[EventCountry "BRA"]
[SourceTitle "CBM 176 Extra"]
[Source "ChessBase"]
[SourceDate "2017.03.02"]
[SourceVersion "1"]
[SourceVersionDate "2017.03.02"]
[SourceQuality "1"]

1. e4 c5 2. Nf3 d6 3. d4 cxd4 4. Nxd4 Nf6 5. Nc3 a6 6. a4 e5 7. Nb3 Be6 8. f3 Nbd7 9. Be3 Be7 10. Be2 0-0 11. 0-0 Nb6 12. Nd2 d5 13. exd5 Nbxd5 14. Nxd5 Nxd5 15. Bf2 Rc8 16. c3 Qc7 17. Nc4 Rfd8 18. Qb1 Nf4 19. Bb6 Bc5+ 0-1

[Event "Florianopolis op 3rd"]
[Site "Florianopolis"]
[Date "2017.01.25"]
[Round "8"]
[White "Doge, Gustavo Postein"]
[Black "Sena Moura, Danielle"]
[Result "1-0"]
[WhiteElo "1544"]
[BlackElo "1833"]
[PlyCount "167"]
[EventDate "2017.01.20"]
[EventType "swiss"]
[EventRounds "10"]
[EventCountry "BRA"]
[SourceTitle "EXT 2018"]
[Source "ChessBase"]
[SourceDate "2017.10.13"]
[SourceVersion "1"]
[SourceVersionDate "2017.10.13"]
[SourceQuality "1"]

1. e4 e6 2. d4 d5 3. e5 c5 4. c3 Qb6 5. Nf3 Nc6 6. Bd3 Bd7 7. Bc2 cxd4 8. cxd4 Nb4 9. Nc3 Nxc2+ 10. Qxc2 Rc8 11. Bd2 Ne7 12. 0-0 Nc6 13. Na4 Qb5 14. Nc3 Qa6 15. a3 Na5 16. Rfc1 Be7 17. b4 Nc4 18. Qb3 f6 19. Be3 Nxe3 20. fxe3 Qd3 21. Kf2 fxe5 22. dxe5 0-0 23. Qc2 Qxc2+ 24. Rxc2 d4 25. exd4 Ba4 26. Rcc1 Bg5 27. Nxa4 Bxc1 28. Nc5 Bb2 29. Rd1 Bxa3 30. Nxe6 Rfe8 31. d5 Rxe6 32. dxe6 Bxb4 33. Rd7 Re8 34. Rxb7 Bc5+ 35. Ke2 h6 36. Kd3 Rxe6 37. Kc4 Be3 38. Kd5 Ra6 39. e6 Kf8 40. Rf7+ Kg8 41. Ne5 Ra5+ 42. Ke4 Bg1 43. h3 Bh2 44. Nc6 Ra6 45. Kd5 Ra2 46. Rxa7 Rd2+ 47. Ke4 Rd6 48. Nd4 Bg1 49. Rd7 Ra6 50. Rd8+ Kh7 51. e7 Ra1 52. Nf3 Ra4+ 53. Kd3 Ra3+ 54. Ke2 Re3+ 55. Kf1 Rxe7 56. Kxg1 g5 57. Kf2 Re4 58. Kg3 Re2 59. Rd6 Re4 60. Nd4 Re3+ 61. Kf2 Re5 62. Kf3 h5 63. Re6 Ra5 64. Ne2 Rf5+ 65. Kg3 Ra5 66. Nd4 Ra3+ 67. Nf3 g4 68. hxg4 hxg4 69. Kxg4 Ra2 70. g3 Ra4+ 71. Kh5 Ra3 72. Ng5+ Kg7 73. g4 Ra1 74. Ne4 Rh1+ 75. Kg5 Rg1 76. Nd6 Kg8 77. Rg6+ Kh7 78. Kf6 Rf1+ 79. Nf5 Rf4 80. g5 Rf2 81. Rh6+ Kg8 82. g6 Rf1 83. g7 Rh1 84. Ne7# 1-0

[Event "Blumenau Taca Santa Catarina op"]
[Site "Blumenau"]
[Date "2015.11.06"]
[Round "1.5"]
[White "Doge, Gustavo Postein"]
[Black "Pires, Marcos Vinicius Tor"]
[Result "0-1"]
[WhiteElo "1657"]
[BlackElo "2260"]
[PlyCount "108"]
[EventDate "2015.11.06"]
[EventType "swiss"]
[EventRounds "6"]
[EventCountry "BRA"]
[SourceTitle "EXT 2022"]
[Source "ChessBase"]
[SourceDate "2021.10.06"]
[SourceVersion "1"]
[SourceVersionDate "2021.10.06"]
[SourceQuality "1"]

1. e4 e5 2. Nf3 Nc6 3. Bc4 Nf6 4. Nc3 Bc5 5. d3 d6 6. h3 h6 7. Be3 Bb6 8. Bxb6 axb6 9. 0-0 0-0 10. a3 Be6 11. Bxe6 fxe6 12. d4 exd4 13. Nxd4 Qe8 14. Qd3 Ne5 15. Qb5 Nc6 16. Qc4 Nxd4 17. Qxd4 Nh5 18. Ne2 Ra4 19. Qd3 Qg6 20. f3 Kh8 21. Rad1 Qg5 22. Qb3 Qc5+ 23. Rf2 Rxe4 24. Qd3 Re5 25. c3 Rd5 26. Qc2 Rxd1+ 27. Qxd1 e5 28. Qa4 Nf6 29. Ng3 Qe3 30. Qc2 Nd5 31. Qd2 Qc5 32. Ne4 Qc4 33. Qe2 Qc6 34. Rf1 Nf4 35. Qd2 d5 36. Ng3 Qg6 37. Kh2 c5 38. Re1 Nd3 39. Re3 c4 40. b3 b5 41. Ne2 Qd6 42. b4 Ra8 43. Nc1 d4 44. Re4 Nxc1 45. Qxc1 d3 46. f4 exf4 47. Qe1 Rf8 48. Rd4 Qc7 49. Kg1 Qc6 50. Qf2 f3 51. g4 Qe6 52. Kf1 Qe2+ 53. Kg1 Re8 54. Rd7 Qd1+ 0-1

[Event "Florianopolis Cordioli Memorial"]
[Site "Florianopolis"]
[Date "2015.07.05"]
[Round "7"]
[White "Doge, Gustavo Postein"]
[Black "Fernandes, Ricardo Munz"]
[Result "1/2-1/2"]
[WhiteElo "1801"]
[BlackElo "1742"]
[PlyCount "109"]
[EventDate "2015.07.03"]
[EventType "swiss"]
[EventRounds "7"]
[EventCountry "BRA"]
[SourceTitle "EXT 2016"]
[Source "ChessBase"]
[SourceDate "2015.10.08"]
[SourceVersion "1"]
[SourceVersionDate "2015.10.08"]
[SourceQuality "1"]

1. e4 c6 2. d4 d5 3. e5 Bf5 4. Bd3 Bxd3 5. Qxd3 e6 6. c3 c5 7. Nf3 Nc6 8. 0-0 g6 9. Bg5 Qb6 10. Qd2 h6 11. Be3 cxd4 12. cxd4 Nge7 13. Rd1 Nf5 14. Bf4 Rc8 15. Nc3 Na5 16. Qe2 Bb4 17. Qb5+ Qxb5 18. Nxb5 a6 19. a3 Be7 20. Nc3 Nb3 21. Rab1 g5 22. Be3 Rc4 23. Rd3 g4 24. Ne1 Nfxd4 25. Nxd5 exd5 26. Bxd4 Nxd4 27. b3 Ne2+ 28. Kf1 Rc1 29. Rxc1 Nxc1 30. Rc3 Kd7 31. Rxc1 Bxa3 32. Rd1 Ke6 33. Nd3 Rc8 34. Ra1 Bf8 35. Ke2 Bg7 36. Ra5 Bxe5 37. Nc5+ Kf5 38. Nxb7 Rc2+ 39. Ke3 d4+ 40. Kd3 Rxf2 41. b4 Rxg2 42. Nd6+ Ke6 43. Nxf7 Kxf7 44. Rxe5 Ra2 45. Kxd4 Kf6 46. Rc5 Rd2+ 47. Ke3 Rd6 48. Kf2 Rb6 49. Kg3 Kg6 50. Ra5 h5 51. h4 gxh3 52. Kxh3 Kf6 53. Rxh5 Rxb4 54. Rh6+ Ke7 55. Rxa6 1/2-1/2

[Event "Florianopolis Cordioli Memorial"]
[Site "Florianopolis"]
[Date "2015.07.04"]
[Round "3"]
[White "Doge, Gustavo Postein"]
[Black "Silva, Vinicius Parente"]
[Result "0-1"]
[WhiteElo "1801"]
[BlackElo "1791"]
[PlyCount "116"]
[EventDate "2015.07.03"]
[EventType "swiss"]
[EventRounds "7"]
[EventCountry "BRA"]
[SourceTitle "EXT 2016"]
[Source "ChessBase"]
[SourceDate "2015.10.08"]
[SourceVersion "1"]
[SourceVersionDate "2015.10.08"]
[SourceQuality "1"]

1. e4 c5 2. Nf3 d6 3. d4 cxd4 4. Nxd4 Nf6 5. Nc3 g6 6. Be3 Bg7 7. f3 0-0 8. Qd2 Nc6 9. Nde2 Bd7 10. Bh6 Ne5 11. Bxg7 Kxg7 12. Nf4 Qa5 13. Rd1 Rfd8 14. Nfd5 Nxd5 15. Qxd5 Qb6 16. Qd4 Qxd4 17. Rxd4 Rac8 18. Bd3 Nxd3+ 19. Rxd3 b5 20. Rd2 Kf8 21. Kf2 Rc5 22. Nd5 Rdc8 23. c3 Be6 24. Rhd1 Bxd5 25. Rxd5 a5 26. a3 Rxd5 27. Rxd5 Rc5 28. Ke3 Ke8 29. f4 Kd7 30. g4 Kc6 31. Rd4 e6 32. Kd3 h5 33. g5 h4 34. b4 axb4 35. axb4 e5 36. bxc5 exd4 37. cxd6 dxc3 38. Kxc3 Kxd6 39. Kb4 Kc6 40. h3 Kb6 41. f5 Kc6 42. e5 Kd7 43. e6+ Ke7 44. Kxb5 gxf5 45. exf7 Kxf7 46. Kc4 Kg6 47. Kd4 Kxg5 48. Ke3 f4+ 49. Kf3 Kf5 50. Kg2 Ke4 51. Kf2 f3 52. Kf1 Kf4 53. Ke1 Kg5 54. Kf1 Kf4 55. Ke1 Ke4 56. Kf2 Kf4 57. Kg1 Kg3 58. Kh1 Kxh3 0-1